Geología de la zona interior de la cordillera de la costa entre los 26§00' y 26§20', región de Atacama

Gespeichert in:
Bibliographische Detailangaben
1. Verfasser: Naranjo S., José A. (autor)
Format: Buch
Sprache:Spanisch
Veröffentlicht: Santiago Instituto de Investigaciones Geológicas 1978
Schriftenreihe:Carta Geológica de Chile, 34
Schlagworte:
Tags: Tag hinzufügen
Keine Tags, Fügen Sie den ersten Tag hinzu!

MARC

LEADER 00000nam a2200000 a 4500
001 UCK1471
003 CL-VaPUC
008 041112e19780000CL |||||||||||||||||spa|d
082 0 4 |a 558.3  |b NAR  |2 21 
100 |a Naranjo S., José A.  |e autor  |9 489360 
245 1 0 |a Geología de la zona interior de la cordillera de la costa entre los 26§00' y 26§20', región de Atacama 
300 |a 48 p 
942 |c BK 
945 |d 20041112 00:00:00  |a cmena 
260 |a Santiago  |b Instituto de Investigaciones Geológicas  |c 1978 
500 |a Escala: 1:100.000 
650 7 |a MAPAS GEOLOGICOS  |2 CL-VaPUC  |9 362393 
650 0 |a Recursos naturales  |9 255232 
650 7 |a RECURSOS MINERALES  |2 CL-VaPUC  |9 351120 
651 7 |a REGION 02  |2 CL-VaPUC  |9 489361 
651 0 |a Atacama   |9 319604 
583 |a last modification  |c 20041112 00:00:00  |k Rodrigo Vera 
490 0 |a Carta Geológica de Chile, 34 
999 |c 311440  |d 311438 
952 |0 0  |1 0  |4 0  |6 558_300000000000000_NAR_1978  |7 0  |8 F  |9 380823  |a BIBING  |b BIBING  |d 2019-11-21  |i 4041038  |o 558.3 NAR 1978  |p 4041038  |r 2025-01-20  |w 2019-11-21  |y BK_F  |k GEO